Statistiques concernant Villes de France par lettre - E (Carte Quiz)

Cliquez ici pour prendre le quiz!

Statistiques générales

  • Ce quiz a été pris 18 990 fois
    (17 906 depuis la dernière actualisation)
  • Le résultat moyen est 6 sur 12

Réponses sur la Carte

Les réponses sont colorées sur une échelle allant du rouge au vert en fonction du pourcentage des utilisateurs qui les ont devinées à leur premier essai. Vous pouvez retrouver ces pourcentages ci-dessous.
 

Statistiques - réponses

Réponse% Correct
Evian-les-Bains
75%
Etretat
69%
Espelette
67%
Epinal
65%
Evreux
64%
Evry-Courcouronnes
64%
Epernay
48%
Echirolles
45%
Etampes
36%
Embrun
32%
Eu
30%
Egletons
29%

Distribution des résultats

Percentile par nombre de réponses

% des personnes avec chaque résultat

Votre développement - résultats

Vous n’avez pas pris ce quiz depuis la dernière actualisation